000 00349pab a2200157 454500
008 180718b2012 xxu||||| |||| 00| 0 eng d
100 _aGatade, Subhash
245 _aOnce there was Hindutva terror?
260 _c2012
300 _ap.43-56.
362 _a18 Aug
650 _aTerrorism
773 _aMainstream
908 _aN
909 _a97131
999 _c97131
_d97131